000 01059nam a22003257a 4500
003 CHAP
005 20220329140305.0
008 971013s1980 r 00010 d
010 _a49829
011 _a50801
035 _a54951
040 _cCHAP
082 _a631.523
_bF4
100 0 0 _aFehr, Walter R.
_939959
245 _aHybridization of crop plants
260 _aMadison, Wis. :
_bAmerican Society of Agronomy,
_c1980
300 _a765 p.
_b: ilus.
590 _aBATCH-UPD
_b10
_c20130110
_lUCH01
_h0557
590 _aBATCH-UPD
_b10
_c20130110
_lUCH01
_h2341
590 _aBATCH-UPD
_b10
_c20130410
_lUCH01
_h0238
590 _aBATCH-UPD
_b10
_c20130914
_lUCH01
_h1355
590 _aCONVERSION
_b10
_c20130109
_lUCH01
_h1327
650 1 4 _aHibridación vegetal.
_955145
650 1 4 _aPlantas
_xMejoramiento.
_988849
700 0 _aHadley, Henry Hultman.
_952192
901 _aBK
942 _cLIBRO
949 _a631.523 F4
_bBC
_cLIBRO
_d33724000160560
_eLIBRO
_h54950
_i54951
_si
949 _a631.523 F4
_bBC
_cLIBRO
_d33724000160578
_eLIBRO
_fc.2
_h54951
_i54951
_si
999 _c49829
_d49829